00940nam a22002297a 4500999001700000003000900017008004100026040007100067082002300138100003100161245004300192260004200235300002800277440003700305505017300342650001700515650002200532650002200554942001600576945002100592952009700613 c16714d16714AR-CdUCM190504b ||||| |||| 00| 0 spa d aMUNICIPALIDAD PROVINCIAL DEL CUSCOcBIBLIOTECA MUNICIPAL DEL CUSCO 22ed.a184.1 /bH43 aHernández Ruiz, Santiago aAntología pedagógica de Platón / aMéxico :bLuis Fernandez G.,c1957. a274 páginas ;c18 cm. aEnsayos pedagógicos.n4936313 aContenido: Platón, educador -- Alcibíades o de la naturaleza del hombre -- Gorgias o de la retórica -- Protágoras o de los sofistas -- Fedro o de la belleza ... aEnsayos9375 aPedagogía91560 aEnseñanza91616 2ddccLIBROS aachld2019-05-04 002ddc4070aSHbSHcCARTd2019-05-04g40.00o184.1 / H43pSH0000011837r2019-05-04yLIBROS